Die Geopolitik der Sichtbarkeit
| Titel: | Die Geopolitik der Sichtbarkeit : Grenzen der Toleranz in der Europäischen Stadt / Luiza Bialasiewicz |
|---|---|
| Verfasser: | |
| In: |
Transit, Band 49 (2016), Seite 27-40 alle Artikel anzeigen |
| Veröffentlicht: | 2016 |
| Format: | Aufsatz |
| Sprache: | Deutsch |
X
alg: 49547325 001A $03025:09-06-22 001B $01999:09-06-22 $t22:57:54.000 001D $03025:09-06-22 001U $0utf8 001X $00 002@ $0Aou 002C $aText $btxt $2rdacontent 002D $aohne Hilfsmittel zu benutzen $bn $2rdamedia 002E $aBand $bnc $2rdacarrier 003@ $0495473251 007A $0495473251 $aHEB 010@ $ager 010E $erda 011@ $a2016 021A $aDie @Geopolitik der Sichtbarkeit $dGrenzen der Toleranz in der Europäischen Stadt $hLuiza Bialasiewicz 028A $BVerfasser $4aut $71015556248 $8Bialasiewicz, Luiza [Tp3] $9276071654 031A $d49 $h27-40 $j2016 039B $aEnthalten in $8--Abvc--. Transit. - Frankfurt, M. : Verl. Neue Kritik, 1990-2017. - ISSN 0938-2062 $x201600000490000973 $9048572578 044K $#Abendland $#Okzident $74015701-5 $8Europa [Tgz] $908503617X 044K $RGemeinde $#Cities and towns $#Villes $#Città $#Ciudades $#towns $#Stadt $#Stadt $#Stadtgebiet Stadt $#Städte $74056723-0 $8Stadt [Tsz] $9085157945 044K $RIntoleranz $#Toleration $#Tolérance $#Tolerancia $#tolerance $#Toleranz $#Toleranzgedanke $#Toleranzidee $74060355-6 $8Toleranz [Ts1] $9085167665 045F $a900.94 $eDDC23BSB 045F/01 $a900 045F/03 $g4 045T $a25 $a7,41 lok: 49547325 78 exp: 49547325 78 1 #EPN 201B/01 $009-06-22 $t16:56:36.000 201C/01 $009-06-22 201U/01 $0utf8 203@/01 $01202931766 208@/01 $a09-06-22 $be 209A/01 $a/ $f000 $x00 209A/01 $ab*p $x01 209A/01 $a*NGpgar $x02 220C/01 $apgar 247C/01 $82080>Marburg/Lahn, Herder-Institut, Forschungsbibliothek, Bibliographieportal $9336309341
| LEADER | 00000caa a2200000 c 4500 | ||
|---|---|---|---|
| 001 | 495473251 | ||
| 003 | DE-603 | ||
| 005 | 20220609225754.0 | ||
| 007 | tu | ||
| 008 | 220609s2016 xx |||| | u00||u|ger c | ||
| 035 | |a (DE-599)HEB495473251 | ||
| 040 | |a DE-603 |b ger |c DE-603 |d DE-603 |e rda | ||
| 041 | |a ger | ||
| 082 | 0 | 4 | |8 1\u |a 900.94 |q DE-101 |2 23/BSB |
| 084 | |a 25 |a 7,41 |2 ssgn | ||
| 085 | |8 1\u |b 900 | ||
| 085 | |8 1\u |z 2 |s 4 | ||
| 100 | 1 | |a Bialasiewicz, Luiza |e Verfasser |4 aut |0 (DE-603)276071654 |0 (DE-588)1015556248 |2 gnd | |
| 245 | 0 | 0 | |a Die Geopolitik der Sichtbarkeit |b Grenzen der Toleranz in der Europäischen Stadt |c Luiza Bialasiewicz |
| 264 | 0 | |c 2016 | |
| 336 | |a Text |b txt |2 rdacontent | ||
| 337 | |a ohne Hilfsmittel zu benutzen |b n |2 rdamedia | ||
| 338 | |a Band |b nc |2 rdacarrier | ||
| 650 | 7 | |a Stadt |0 (DE-588)4056723-0 |0 (DE-603)085157945 |2 gnd | |
| 650 | 7 | |a Toleranz |0 (DE-588)4060355-6 |0 (DE-603)085167665 |2 gnd | |
| 651 | 7 | |a Europa |0 (DE-588)4015701-5 |0 (DE-603)08503617X |2 gnd | |
| 773 | 0 | 8 | |i Enthalten in |t Transit |d Frankfurt, M. : Verl. Neue Kritik, 1990-2017 |h 23 cm |x 0938-2062 |g Band 49 (2016), Seite 27-40 |w (DE-603)048572578 |w (DE-600)1063993-7 |
| 924 | 0 | |9 2080 |a (DE-603)1202931766 |b DE-2080 |c HES |d d |g / | |


